000 00900nam a2200229Ia 4500
003 OSt
005 20251125163058.0
008 210719s2014 xx 000 0 und d
020 _a978-93-84393-09-0
040 _cAL
041 _aKannada
082 _a821.009K SUBI
100 _aSUBRAMANYA (V)
_dಸುಬ್ರಹ್ಮಣ್ಯ (ವಿ)
_9246820
245 _aEnglish kavya parampare: british kavigalu mattu european kavigalu
_bಇಂಗ್ಲಿಷ್ ಕಾವ್ಯ ಪರಂಪರೆ: ಬ್ರಿಟಿಷ್ ಕವಿಗಳು ಮತ್ತು ಯುರೋಪಿಯನ್ ಕವಿಗಳು
260 _aShivamogga
_bNekara Prakashana
_c2014
300 _a238
_bPB
365 _b200
_cRs
650 _aEnglish Literature
_9246821
650 _aEnglish Poetry Criticism
_9246822
906 _abritish ; Inglish ; kavigalu ; kavya ; mattu ; parampare: ; yuropiyan
942 _2ddc
_cBK
999 _c215574
_d215574